| 000 | 00935nam a22002897a 4500 | ||
|---|---|---|---|
| 001 | BR9405475 | ||
| 003 | BR-BrBNA | ||
| 005 | 20230928094321.0 | ||
| 007 | ta | ||
| 008 | 230509b bl.||||| |||| 00| 0 por d | ||
| 040 |
_aBR-BrBNA _bpor _cBiblioteca Nacional de Agricultura |
||
| 041 | _a(Por) | ||
| 072 |
_aF01 _b1885 _b1112 |
||
| 090 | _ 1885 BR9405475 | ||
| 100 | 1 | _aSturion, G.L. | |
| 110 | 1 |
_aEscola Superior de Agricultura Luiz de Queiroz, Piracicaba, SP (Brasil) _0Tese (Mestrado) |
|
| 245 | 1 | _aUtilizacao da folha da bananeira como substrato para o cultivo de cogumelos comestiveis (Pleusotus spp.) | |
| 260 | 3 |
_aPiracicaba, SP (Brasil): _c1994. |
|
| 300 | _a147 p. | ||
| 500 | _aSummaries (Eng, Por); Bibliography p. 135-147 (72 ref.); 7 illus.; 24 tables | ||
| 650 | _aCogumelo Comestivel | ||
| 650 | _aBanana | ||
| 650 | _aFolha | ||
| 650 | _aSubstrato | ||
| 909 |
_a202309 _bLucia _c55 _dLucia Elande |
||
| 942 | _cBK | ||
| 999 |
_c50027 _d50027 |
||